Datum a čas kvízu

34.5 Celkem bodů Celkový počet nahraných bodů na tomto kvízu bez doplňovacích otázek.
3. Pořadí na kvízu Konečné umístění týmu na tomto kvízu.

Zaznamenané odpovědi

# Otázka Odpověď Body Výsledky
1. Jak jste pravděpodobně zazname... Mortimer 0
2. V sousedním Rakousku před něko... Sebastian Kurz 1
3. Známá australská skupina vydal... Nick Cave 0
4. Tradiční český prodejce hudebn... Bontonland 1
5. V pražské O2 areně v pátek zač... Philadelphia Flyers, Chicago Blackhawks 1
6. Napíšete-li název afghánské le... Bagrám 1
7. Jak se jmenuje současný náčeln... Aleš Opata 0
8. Jak se nazývá město, u něhož s... Čáslav 1
9. Jednou z prvních zahraničních... Kosovo 1
10. Napište název tohoto víceúčelo... Pandur 1